|
|
|
|
| LEADER |
00000nab a2200000 a 4500 |
| 001 |
vtls000752505 |
| 003 |
SK-MaSNL |
| 005 |
20260319074335.0 |
| 008 |
160314c2001 xo 0 hun |
| 015 |
|
|
|a SNBRB2001/04-11310
|
| 035 |
|
|
|a CLN000104293
|
| 040 |
|
|
|a SNKBUCL
|b slo
|c SNKBUCL
|e AACR2
|
| 041 |
0 |
|
|a slo
|
| 044 |
|
|
|a xo
|c SK
|
| 080 |
|
|
|a 82.09:820-3(087.5)=945.11
|2 UDC-MRF-SK2
|
| 080 |
|
|
|a 820-3(087.5)=945.11.09
|2 UDC-MRF-SK2
|
| 100 |
1 |
|
|a Kovács, József D.
|4 aut
|9 849063
|
| 245 |
1 |
0 |
|a Potter meg a kísértetek
|b a regénysorozat tízmilliós nagyságrendben fogy, hamincöt nyelven jelent meg
|c D. Kovács József ; illusztrálta Kiss Péntek József
|
| 600 |
1 |
7 |
|a Rowling, J. K.,
|d 1965-
|t Harry Potter és a Titkok Kamrája
|2 snkbucl
|9 20499
|
| 600 |
1 |
7 |
|a Rowling, J. K.,
|d 1965-
|t Harry Potter és az azkabani fogoly
|2 snkbucl
|9 20500
|
| 600 |
1 |
7 |
|a Rowling, J. K.,
|d 1965-
|t Harry Potter és a bölcsek köve
|2 snkbucl
|9 20501
|
| 600 |
1 |
7 |
|a Rowling, J. K.,
|d 1965-
|t Harry Potter és a Tűz
|2 snkbucl
|9 20502
|
| 700 |
1 |
|
|a Kiss Péntek, József,
|d 1951-
|4 ill
|9 110167
|
| 773 |
0 |
|
|t Vasárnap
|g Roč. 34, č. 7 (2001), s. 12
|
| 850 |
|
|
|a Slovenská národná knižnica v Martine
|
| 852 |
|
|
|a SNK
|b KIS3GCP
|
| 958 |
|
|
|a GB
|
| 958 |
|
|
|a HU
|
| 958 |
|
|
|a LX
|
| 958 |
|
|
|a RBX
|
| 999 |
|
|
|c 1440113
|d 1442043
|